Speed Typing #11 - Statistics

General Stats
  • This quiz has been taken 62 times
  • The average score is 10 of 11
Answer Stats
Answer % Correct
0
100%
50
94%
100
92%
200
91%
150
89%
300
89%
250
87%
350
87%
400
87%
500
87%
450
85%
No matching quizzes found
Score Distribution
Percent of People with Each Score
Percentile by Number Answered
Your Score History
You have not taken this quiz